000 00853 a2200217 4500
003 UA-OsUOA
005 20260304103957.0
008 260218b un ||||| |||| 00| 0 ukr d
040 _bukr
_cUA-OsUOA
080 _a94(477-25):929
090 _a94(477-25):929
_bТ35
100 _aТерещенко Ю.
_923217
245 _aУкраїнський патріот з династії Габсбургів
_bнауково-документальне видання
_cЮ. Терещенко, Т. Осташко
260 _aК.
_bТемпора
_c2008
300 _a382 с.
_bіл.
650 _a94(477) Історія України
_940
700 1 _aОсташко Т.
_919695
942 _cBK
_2udc
955 _a1
999 _c579681
_d579681